| 000 | 01532nam a2200253Ii 4500 | ||
|---|---|---|---|
| 003 | JO-AjNU | ||
| 005 | 20240702100008.0 | ||
| 008 | 230605s9999||||xx |||||||||||||| ||und|| | ||
| 040 |
_aJO-AjNU _bara _erda _cJO-AjNU |
||
| 041 | _aara | ||
| 050 | 1 | 4 | _aHD30.2 2021 |
| 100 | 1 |
_aالشويطر، سماح احمد حسن _eمعد _965976 |
|
| 245 | 0 | 0 |
_aدور خدمات الحكومة الالكترونية في بناء المنظمات الذكية دراسة ميدانية في وزارة الاقتصاد الرقمي والريادة الاردنية=The Role of E-Government Services in Building Smart Organizations A Field Study in Jordanian Ministry of Digital Economy and Entrepreneurship / _cاعداد سماح احمد حسن الشويطر؛ اشراف محمود علي الروسان، خالد محمد الذيابات |
| 264 | 3 | 1 | _a 2021 |
| 300 | _a121 ورقة | ||
| 336 |
_atext _btxt _2rdacontent |
||
| 337 |
_aunmediated _bn _2rdamedia |
||
| 338 |
_avolume _bnc _2rdacarrier |
||
| 500 | _aرسالة جامعية(اطروحة ماجستير) جامعة عجلون الوطنية ،كلية ادارة الاعمال،ادارة اعمال 2021، يحتوي على قائمة مراجع من ص102-108ص ويحتوي على ملاحق من ص 109-121ص | ||
| 650 | 4 |
_aالادارة العامة- اتمتة- الاردن _961141 |
|
| 700 | 1 |
_aالروسان، محمود علي _eمشرف رئيسي _965363 |
|
| 700 | 1 |
_aالذيابات، خالد محمد _eمشرف مشارك _965563 |
|
| 942 |
_2lcc _cTHS |
||
| 999 |
_c31185 _d31185 |
||